Hoofdsteden van de Provincies van Nederland - Statistieken

Algemene statistieken
  • Deze quiz is 4.439 keer genomen
  • De gemiddelde score is 10 van 12
Antwoorden op de kaart
Antwoorden kleurgecodeerd door een groen-rode schaal op de quizkaart volgens % correct hieronder.
 
Antwoordstatistieken
Hoofdstad % Correct
Groningen
96%
Utrecht
96%
Den Haag
94%
Maastricht
93%
Leeuwarden
85%
Lelystad
84%
's-Hertogenbosch
83%
Haarlem
80%
Middelburg
80%
Zwolle
78%
Assen
77%
Arnhem
75%
Geen overeenkomende quizzen gevonden
Scoreverdeling
Procent van Mensen met Elke Score
Percentiel versus Aantal Correcte Antwoorden
Uw Scoregeschiedenis
U heeft deze quiz nog niet genomen